| 000 | 00551cam a22001932a 4500 | ||
|---|---|---|---|
| 001 | 016051 | ||
| 003 | AR-FADEU | ||
| 008 | 311216n1939####xxu####################dd | ||
| 092 |
_aA868.3 _bW671v |
||
| 100 | _aWilde, Eduardo | ||
| 245 | _aObras completas : viajes y observaciones | ||
| 260 | _aBuenos Aires | ||
| 260 | _bBelmonte | ||
| 260 | _c1939 | ||
| 300 | _a2 v | ||
| 500 | _aPrimera parte: vol. 12. inv. 8798. -- Segunda parte. vol. 13. inv. 8800 | ||
| 650 | _aLITERATURA ARGENTINA-SIGLO XIX; CRONICAS; VIAJES/REVISADO/ | ||
| 942 | _cBDGR | ||
| 999 |
_c21809 _d21809 |
||